| 000 | 00793 a2200229 4500 | ||
|---|---|---|---|
| 999 |
_c4809 _d4809 |
||
| 020 | _a9789988550752 | ||
| 050 | 0 | 0 | _aHT 1322 HAN 2003 |
| 100 | 1 |
_aHansen, Thorkild. _d1927-1989. _eauthor |
|
| 245 | 1 | 0 |
_aShips of slaves = _b(Slavernes skibe) / _cThorkild Hansen ; translated by Kari Dako ; illustrations by Birte Lund. |
| 264 |
_aAccra : _b Sub-Saharan, _c 2003. |
||
| 300 |
_a204 p. : _bill. (some col.) ; |
||
| 500 | _aTranslation of Slavernes skibe. | ||
| 650 | 0 |
_aSlave trade _xHistory. |
|
| 650 | 0 |
_aSlave trade _xHistory. |
|
| 650 | 0 |
_aSlavery _xHistory. |
|
| 650 | 0 |
_aSlave trade _xHistory. |
|
| 650 | 0 |
_aDanes _xHistory. |
|
| 651 | 0 | _aGhana | |
| 700 | 1 |
_aDako, Kari. _etranslator |
|
| 942 |
_2lcc _cBK _h1322 _iHAN _kHT |
||